Tahreef-E-Injeel Va Sehat-E-Injeel. (Record no. 4324)

MARC details
000 -LEADER
fixed length control field 00580nam a2200241 a 4500
020 ## - INTERNATIONAL STANDARD BOOK NUMBER
ISBN
082 00 - DEWEY DECIMAL CLASSIFICATION NUMBER
Classification number 239
Author Cutter MIC
100 ## - MAIN ENTRY--AUTHOR NAME
Author name Michin, W
245 ## - TITLE STATEMENT
Title Tahreef-E-Injeel Va Sehat-E-Injeel.
260 ## - PUBLICATION, DISTRIBUTION, ETC. (IMPRINT)
Place of publication Lahore
Name of publisher Punjab Religious Booksociety
Year of publication 1929
300 ## - PHYSICAL DESCRIPTION
Number of Pages 31p
500 ## - GENERAL NOTE
General note includes index and biblioraphy
505 2# - FORMATTED CONTENTS NOTE
Formatted contents note bibliography
650 ## - SUBJECT ADDED ENTRY--TOPICAL TERM
Topical Term Apologetics
942 ## - ADDED ENTRY ELEMENTS (KOHA)
Koha item type Books
700 1# -
-- Michin, W
Holdings
Home library Current library Date acquired Cost, normal purchase price Full call number Accession Number Koha item type
Henry Martyn Institute Library Henry Martyn Institute Library 06/22/2007 100.00 239 MIC 8879 Archive Book
                   Copyright © 2026 | Henry Martyn Institute | Hyderabad | TS-500052 | INDIA | Implemented by hmi.edu.in
Hit-Count:

Powered by Koha